Die Moosgesellschaften des Staatlichen Naturschutzgebiete Povydří. /

Uložené v:
Podrobná bibliografia
Hlavný autor: Hanzalová, Alena (Author)
Médium: Kniha
Jazyk:German
Vydané: Plzeň : Západočeské muzeum, 1992
Vydanie:1. vyd.
Edícia:Folia Musei rerum naturalium Bohemiae occidentalis Botanika 35.
Témy:
ISBN: 8085125455 (brož.)
Fyzický popis: 44 s. + 1 Príl.
Tagy: Pridať tag
Žiadne tagy, Buďte prvý kto otaguje tento záznam!

MARC

LEADER 00000nam a2200000 a 4500
001 000072016
003 SVKK
005 20010430000000.0
008 010309s1992 cs e gero
020 |a 8085125455 (brož.) 
040 |a SVKKK  |b slo  |c SVKKK  |e AACR2 
041 0 |a ger 
044 |a cs  |c CS 
080 |a 582.34(437.182)  |2 1997 
100 1 |a Hanzalová, Alena  |4 aut 
245 1 0 |a Die Moosgesellschaften des Staatlichen Naturschutzgebiete Povydří. /  |c Alena Hanzalová 
250 |a 1. vyd. 
260 |a Plzeň :  |b Západočeské muzeum,  |c 1992 
300 |a 44 s. +  |e 1 Príl. 
440 0 |a Folia Musei rerum naturalium Bohemiae occidentalis  |p Botanika  |v 35. 
653 0 |a botanika  |2 SVKKKPH 
653 0 |a Povydří (Česká republika)  |2 SVKKKPH 
653 0 |a štúdie  |2 SVKKKPH 
655 7 |a výskumné správy  |2 SVKKKPH 
910 |a svkkk 
919 |a 80-85125-45-5 
974 |a MI  |d 20010309 
974 |a PA  |d 20010309 
974 |a PA  |d 20010430 
998 |a BK 
090 |g SCKHL  |k Sklad Pribinova 2. posch.  |a III.160640  |j 862849  |i 2720262234  |s Absenčne